| 000 | 00365pab a2200157 454500 | ||
|---|---|---|---|
| 008 | 180718b1980 xxu||||| |||| 00| 0 eng d | ||
| 100 | _aBalachandran, M.K. | ||
| 245 | _aLegal aspects of property tax reforms | ||
| 260 | _c1980 | ||
| 300 | _ap.101-130. | ||
| 362 | _aJul-Sep | ||
| 650 | _aProperty tax | ||
| 773 | _aNagarlok | ||
| 908 | _aN | ||
| 909 | _a102043 | ||
| 999 |
_c102041 _d102041 |
||